00311nam a2200097Ia 4500008004100000100002200041245006200063245003800125260000900163856004100172160531s9999 xx 000 0 und d aBertolami, Orfeu. 4aThe Experimental Status of Special and General Relativity cby Orfeu Bertolami, Jorge Paramos c2012 uhttp://arxiv.org/pdf/1212.2177v1.pdf